The World is Flat; (Record no. 68468)

MARC details
000 -LEADER
fixed length control field 00881nam a22002177a 4500
005 - DATE AND TIME OF LATEST TRANSACTION
control field 20120719112311.0
008 - FIXED-LENGTH DATA ELEMENTS--GENERAL INFORMATION
fixed length control field 120719t xxu||||| |||| 00| 0 eng d
010 ## - LCCN (DPL NO)
LC control number G-002035
020 ## - INTERNATIONAL STANDARD BOOK NUMBER
International Standard Book Number 9780141022727
Terms of availability 450.00
035 ## - SYSTEM CONTROL NUMBER
System control number G-002035
037 ## - SOURCE OF ACQUISITION
Stock number dpl
Source of stock number/acquisition Gift
082 ## - DEWEY DECIMAL CLASSIFICATION NUMBER
Classification number 330.90511
100 ## - MAIN ENTRY--PERSONAL NAME
Personal name Friedman, Thomas L.
9 (RLIN) 50271
245 ## - TITLE STATEMENT
Title The World is Flat;
Remainder of title the Globalized World in the Twenth- First Century/
Statement of responsibility, etc by Thomas L. Friedman
260 ## - PUBLICATION, DISTRIBUTION, ETC. (IMPRINT)
Place of publication, distribution, etc New Delhi
Name of publisher, distributor, etc Penguin Group
Date of publication, distribution, etc 2006
270 ## - ADDRESS
Address 11 Communtiy Centre, Panchsheel Park,
City New Delhi
300 ## - PHYSICAL DESCRIPTION
Extent 593.00
Dimensions 22cm.
942 ## - ADDED ENTRY ELEMENTS (KOHA)
Source of classification or shelving scheme Dewey Decimal Classification
Item type English Books
Call number suffix FRI
Classification part 330.90511
Holdings
Withdrawn status Lost status Source of classification or shelving scheme Damaged status Not for loan Collection code Home library Current library Date acquired Source of acquisition Cost, normal purchase price Total Checkouts Full call number Barcode Date last seen Copy number Cost, replacement price Koha item type
    Dewey Decimal Classification     Non-fiction Vinoba Puri Vinoba Puri 19/07/2012 Gift 450.00 6 FRI G-002035 11/03/2016 1 450.00 English Books

© Delhi Public Library
Hit Counter
free hit counter